Countries That Beat Florida - Statistics

General Stats
  • This quiz has been taken 112 times
  • The average score is 8 of 10
Answer Stats
Rank Category Answer % Correct
22 Island With the Highest Population Density With a Population Over 20,000 Outside of a Megacity* Maldives | Mozambique | Kenya | Russia | Sweden | Italy | Taiwan | South Korea | Philippines | United Kingdom | Singapore | Japan | Bahrain | Canada | Malaysia | Marshall Islands | Colombia | Denmark | Indonesia | Vietnam | Malta
98%
8 Most Populous City in the Americas Mexico | Brazil | Argentina | Peru | Colombia | Chile | Canada
95%
16 Westernmost Point on Land Russia | Fiji | New Zealand | Tonga | Kiribati | Samoa | Canada | Mexico | Chile | Guatemala | Ecuador | El Salvador | Belize | Honduras | Nicaragua
95%
9 Busiest Airport (2020) China | Japan | India | Turkey | France | United Kingdom | Mexico | Vietnam
94%
8 Highest HDI Outside of Europe Australia | Singapore | New Zealand | Canada | Israel | Japan | South Korea
90%
5 Most People Speaking English as a First Language United Kingdom | Nigeria | Canada | Australia
87%
4 Highest Median Age Outside of Europe Japan | South Korea | Taiwan
78%
2 Most Populous Starting With "F" France
77%
7 Most Populous First World Country** to Never Have Hosted the Olympics Turkey | Argentina | Poland | Saudi Arabia | Malaysia | Taiwan
69%
6 Capital With the Lowest % of Their Population*** India | Pakistan | Sri Lanka | Nigeria | Tanzania
58%
No matching quizzes found
Score Distribution
Percent of People with Each Score
Percentile by Number Answered
Your Score History
You have not taken this quiz